Ultra-wideband radar : proceedings of the first Los Alamos symposium /

Bibliographic Details
Corporate Author: Los Alamos Symposium on Ultra-Wideband Radar
Other Authors: Noel, Bruce
Format: Conference Proceeding Book
Language:English
Published: Boca Raton, FL : CRC Press, [1991]
Subjects:

MARC

Tag First Indicator Second Indicator Subfields
LEADER 00000cam a2200000 a 4500
001 in00001040468
005 20150928152943.0
008 910703s1991 flua b 100 0 eng
010 |a  91024624  
020 |a 084930198X 
035 |a (OCoLC)24143932 
035 |9 AFH4677AM 
040 |a DLC  |c DLC  |d TXA  |d UtOrBLW 
049 |a TXAM 
050 0 0 |a TK6573  |b .U57 1991 
082 0 0 |a 621.3848  |2 20 
245 0 0 |a Ultra-wideband radar :  |b proceedings of the first Los Alamos symposium /  |c editor, Bruce Noel. 
264 1 |a Boca Raton, FL :  |b CRC Press,  |c [1991] 
264 4 |c ©1991 
300 |a 565 pages :  |b illustrations ;  |c 27 cm. 
336 |a text  |b txt  |2 rdacontent 
337 |a unmediated  |b n  |2 rdamedia 
338 |a volume  |b nc  |2 rdacarrier 
500 |a Peer-reviewed versions of papers presented at the First Los Alamos Symposium on Ultra-Wideband Radar, held 3/3-7/90. 
504 |a Includes bibliographical references and index. 
650 0 |a Radar  |v Congresses. 
650 0 |a Signal processing  |v Congresses. 
700 1 |a Noel, Bruce. 
711 2 |a Los Alamos Symposium on Ultra-Wideband Radar  |n (1st :  |d 1990) 
999 |a MARS 
999 f f |s 3181a485-7555-36e4-91a0-801c4466a66d  |i 4cd301f4-74b3-311a-a8d3-247d89a63928  |t 0 
952 f f |p ric  |a Texas A&M University  |b Rellis Campus  |c Joint Library Facility  |d Remote Storage  |t 0  |e TK6573 .U57 1991  |h Library of Congress classification  |i unmediated -- volume  |m A14815416784 
998 f f |a TK6573 .U57 1991  |t 0  |l Remote Storage